000 00274nam a22001217a 4500
008 180115b xxu||||| |||| 00| 0 eng d
041 _aeng
080 _a321
100 _a19
101 _aSHP
245 _aProphet of the Counter-Revolution
_cBongie, L.L
942 _2udc
_cBK
999 _c40282
_d40282